000
00280nam a2200097Ia 4500
008
220204s9999 xx 000 0 und d
082
_a
631
_b
ICA
245
0
_a
Samthulith powth poshan evam mrutha swasthya: Krushak prasikshan digdarshika
260
_a
Bhopal
_b
ICAR
_c
2010
942
_c
BK
999
_c
44406
_d
44406